000 00586nam a2200193 i 4500
001 42367
003 ES-MaACL
005 20250814063213.0
007 t|
008 030313s1961 sp f |||| | spa d
080 _a86-992"19"
100 1 _aCastillo-Puche, José Luis,
_d1919-2004
_936763
245 1 3 _aEl Congo estrena libertad /
_cJ. L. Castillo-Puche.
260 _aMadrid :
_bBiblioteca Nueva,
_c1961.
300 _a206 p., 17 lám. ;
_c22 cm.
651 4 _aCongo (República Democrática)-
_xHistoria.
_9166738
852 _aES-MaACL
_jF-6284
999 _c42367
_d42367